| 000 | 00974cam a2200277 a 4500 | ||
|---|---|---|---|
| 001 | 6147 | ||
| 003 | BD-RjUL | ||
| 005 | 20211208234208.0 | ||
| 008 | 090114r19681968njua b 001 0 eng | ||
| 020 | _a0878559280 (pbk.) : | ||
| 035 | _a(BD-RjUL) 6186 | ||
| 040 |
_aDLC _cDLC _d(BD-RjUL) _beng |
||
| 041 | _aeng | ||
| 082 | 0 | 0 |
_a350 _219 _bDRP 1968 |
| 100 | 1 |
_aDror, Yehezkel, _d1928- _919348 |
|
| 245 | 1 | 0 |
_aPublic policymaking reexamined / _cYehezkel Dror ; with a new introduction by the author. |
| 260 |
_aNew Brunswick, N.J. : _bTransaction Books, _cc1968. |
||
| 300 |
_axlix, 370 p. : _bill. ; _c23 cm. |
||
| 500 | _aReprint. Originally published: San Francisco : Chandler Pub. Co., [1968] (Chandler publications in political science). | ||
| 504 | _aIncludes bibliographies and index. | ||
| 650 | 0 |
_aPolicy sciences. _919349 |
|
| 830 | 0 |
_aChandler publications in political science. _919350 |
|
| 942 |
_2ddc _cBK |
||
| 999 |
_c6147 _d6147 |
||